000
00289nam a2200097 a 4500
005
20201002045918.0
008
150205s2004 000 spa d
245
0
_a
Parques Nacionales en la República Dominicana.
260
_a
Santo Domingo, República Dominicana,
_c
[s.f.].
999
_c
44629
_d
44629
040
_a
DO-SdBNP